Anatomy & Physiology (Record no. 3361)
[ view plain ]
| 000 -LEADER | |
|---|---|
| fixed length control field | 00232nam a22000857a 4500 |
| 008 - FIXED-LENGTH DATA ELEMENTS--GENERAL INFORMATION | |
| fixed length control field | 160922b xxu||||| |||| 00| 0 eng d |
| 020 ## - INTERNATIONAL STANDARD BOOK NUMBER | |
| International Standard Book Number | 9780470924297 |
| 100 ## - MAIN ENTRY--PERSONAL NAME | |
| 9 (RLIN) | 704 |
| Personal name | Tortona.G.J |
| 245 ## - TITLE STATEMENT | |
| Title | Anatomy & Physiology |
| 260 ## - PUBLICATION, DISTRIBUTION, ETC. (IMPRINT) | |
| Place of publication, distribution, etc. | United Kingdom |
| Name of publisher, distributor, etc. | John Publications |
| Date of publication, distribution, etc. | 2011 |
| Withdrawn status | Lost status | Source of classification or shelving scheme | Damaged status | Koha normalized classification for sorting | Not for loan | Home library | Current library | Shelving location | Date acquired | Total Checkouts | Total Renewals | Full call number | Barcode | Date last seen | Date last checked out | Price effective from | Koha item type |
|---|---|---|---|---|---|---|---|---|---|---|---|---|---|---|---|---|---|
| Dewey Decimal Classification | TOR_611_000000000000000_C5 | Good Samaritan School Library | Good Samaritan School Library | Biology | 09/22/2016 | 2 | 2 | TOR611 C-5 | TOR10902 | 12/22/2016 | 12/07/2016 | 09/22/2016 | Reference |